Los problemas de las enfermedades mentales (Record no. 93883)

MARC details
000 -LEADER
campo de control de longitud fija 00566nam a2200169 i 4500
001 - NÚMERO DE CONTROL
campo de control 93883
003 - IDENTIFICADOR DE NÚMERO DE CONTROL
campo de control ES-MaACL
005 - FECHA Y HORA DE LA ÚLTIMA TRANSACCIÓN
campo de control 20231207063020.0
007 - CAMPO FIJO DE DESCRIPCIÓN FÍSICA--INFORMACIÓN GENERAL
campo de control de longitud fija t|
008 - DATOS DE LONGITUD FIJA--INFORMACIÓN GENERAL
campo de control de longitud fija 050421s1949 sp ||||1| spa d
100 1# - ENTRADA PRINCIPAL--NOMBRE DE PERSONA
Nombre de persona López Ibor, Juan José,
Fechas asociadas al nombre 1906-1991
9 (RLIN) 73703
245 14 - MENCIÓN DEL TÍTULO
Título Los problemas de las enfermedades mentales
Resto del título : corrientes actuales del pensamiento psiquiátrico /
Mención de responsabilidad, etc. Juan José López Ibor.
260 ## - PUBLICACIÓN, DISTRIBUCIÓN, ETC.
Lugar de publicación, distribución, etc. Barcelona :
Nombre del editor, distribuidor, etc. Labor,
Fecha de publicación, distribución, etc. 1949.
300 ## - DESCRIPCIÓN FÍSICA
Extensión XV, 349 p. :
Otras características físicas il. ;
Dimensiones 24 cm.
852 ## - LOCALIZACIÓN
Ubicación ES-MaACL
Número de control de estantería D-6672
Sublocalización o colección R.30606
Holdings
Estatus retirado Estado de pérdida Estado de daño No para préstamo Biblioteca de origen Biblioteca actual Ubicación en estantería Fecha de adquisición Fuente de adquisición Total de préstamos Signatura topográfica completa Código de barras Visto por última vez Precio de reemplazo Tipo de ítem Koha
        Biblioteca del Ateneo de Madrid Biblioteca del Ateneo de Madrid Sala Valle Inclán 17/01/2008     D-6672 901098048 23/02/2023 23/02/2023 Libro impreso